| 000 | 01154ncm a2200289 a 4500 | ||
|---|---|---|---|
| 999 |
_c353169 _d353169 |
||
| 003 | BLK | ||
| 005 | 20250128005538.0 | ||
| 008 | 200409b bu ||||| |||| 00| 0 bu d | ||
| 040 | _aBLK | ||
| 041 |
_aRUS _cRUS |
||
| 080 |
_aКларинет, баскларинет, басетхорн _b788.6 _z788.6 |
||
| 080 |
_aМузика за пиано _b786.2 _z786.2 |
||
| 100 |
_aБрунс, Виктор _eпърви автор _91299 |
||
| 139 |
_aБрунс, Виктор _bБ 82 |
||
| 245 |
_aКонцерт для кларинета с оркестром _bСоч. 26: Перелож. для кларнета и ф.-п. _cВиктор Брунс |
||
| 257 | _aRUS | ||
| 260 |
_9402764 _aМосква _bМузыка _c1968 |
||
| 300 |
_a14 с. _c29 см _e1 щим 16 с |
||
| 380 | _a7 | ||
| 650 | 7 |
_9159299 _aКонцерти |
|
| 650 | 0 |
_9353187 _aКларинет - концерти, концертини |
|
| 650 | 0 |
_aПиано - концерти _9283545 |
|
| 650 | 0 |
_aДуо - кларинет и пиано _9353801 |
|
| 852 |
_aЦб М ІІ 5475 _bИП |
||
| 942 |
_cNOT _n0 _s1 |
||
| 944 |
_c2020-04-09 _k _lCRON CRON |
||